LIBRARY & INFORMATION CENTRE, KCAET, TAVANUR

ONLINE PUBLIC ACCESS CATALOGUE (OPAC)

Indian practical civil engineers handbook / (Record no. 3852)

MARC details
000 -LEADER
fixed length control field 00511cam a2200205ua 4500
041 ## - LANGUAGE CODE
Language code of text/sound track or separate title eng
082 ## - DEWEY DECIMAL CLASSIFICATION NUMBER
Classification number 028.71624
Item number KHA/IN
100 ## - MAIN ENTRY--AUTHOR NAME
Personal name Khanna, P N .
245 ## - TITLE STATEMENT
Title Indian practical civil engineers handbook /
250 ## - EDITION STATEMENT
Edition statement 9 /
260 ## - PUBLICATION, DISTRIBUTION, ETC. (IMPRINT)
Place of publication :
Name of publisher Engineers Publishers ,
Year of publication 1982.
300 ## - PHYSICAL DESCRIPTION
Number of Pages 2100 ; .
942 ## - ADDED ENTRY ELEMENTS (KOHA)
Koha item type Books
Holdings
Withdrawn status Lost status Damaged status Home library Current library Date acquired Full call number Accession Number Koha item type
      KAUAET KAUAET 07/04/2012 028.71624 14572 Reference
      KAUAET KAUAET 07/04/2012 028.71624 14571 Reference
      KAUAET KAUAET 07/04/2012 028.71624 14712 Reference
free website counter